000 00552nam a22002177a 4500
003 OSt
005 20140310181735.0
008 130319t xxu||||| |||| 00| 0 eng d
020 _a971134114x
050 _aHQ 769
_bT37 1989
082 _aHQ 769
_bT37 1989
245 _aQuestions and answers on bringing up children
_cEmma R. Tan
260 _aMakati, Metro Manila
_bBookmark
_cc1989
300 _a220 p.
_c21cm.
521 _aTeachers
541 _j1
541 _j2
541 _j3
562 _e3
942 _2lcc
_cBK-TR
_kTR
999 _c2538
_d2538